Normal view
MARC view
- Hadfield, Christopher
Entry Personal Name
001 - CONTROL NUMBER
- control field: 31510
003 - CONTROL NUMBER IDENTIFIER
- control field: OSt
005 - DATE AND TIME OF LATEST TRANSACTION
- control field: 20180921173556.0
008 - FIXED-LENGTH DATA ELEMENTS
- fixed length control field: 180921|| aca||aabn | a|a d
040 ## - CATALOGING SOURCE
- Original cataloging agency: OSt
- Transcribing agency: OSt
100 ## - HEADING--PERSONAL NAME
- Personal name: Hadfield, Christopher
670 ## - SOURCE DATA FOUND
- Source citation: Work cat.: (OSt): Hadfield, Christopher, Shop manual for automotive engine repair and rebuilding /, ©2018.
